Jeu du démineur - Mort subite - Statistiques

Statistiques générales
  • Ce quiz a été pris 27 838 fois
  • Le résultat moyen est 29 sur 86
Answers on the Grid
Answers color-coded by a green-red scale on the quiz's grid according to % correct below.

?

1

?

1

?

0

?

1

?

1

?

1

?

1

?

💣

?

1

?

0

?

💣

?

2

?

0

?

1

?

💣

?

1

?

1

?

1

?

1

?

0

?

💣

?

2

?

0

?

1

?

1

?

1

?

1

?

2

?

2

?

1

?

1

?

1

?

0

?

0

?

0

?

0

?

1

?

💣

?

💣

?

1

?

0

?

0

?

0

?

1

?

2

?

2

?

2

?

2

?

2

?

1

?

0

?

0

?

0

?

2

?

💣

?

💣

?

1

?

0

?

0

?

0

?

1

?

1

?

2

?

3

?

💣

?

3

?

1

?

0

?

0

?

0

?

1

?

💣

?

2

?

💣

?

2

?

1

?

0

?

0

?

1

?

1

?

2

?

2

?

3

?

1

?

1

?

0

?

1

?

1

?

2

?

💣

?

1

?

💣

?

1

?

0

?

0

?

0

?

1

?

💣

?

2

?

1

 
Statistiques - réponses
Réponse % Correct

?

1

45%

?

1

45%

?

1

45%

?

1

45%

?

0

44%

?

1

44%

?

0

43%

?

1

43%

?

1

43%

?

0

42%

?

0

42%

?

0

42%

?

1

42%

?

1

42%

?

2

42%

?

2

42%

?

2

42%

?

0

41%

?

0

41%

?

1

41%

?

0

40%

?

1

40%

?

2

40%

?

0

39%

?

0

39%

?

2

39%

?

2

39%

?

2

38%

?

0

37%

?

0

37%

?

0

37%

?

1

36%

?

1

36%

?

1

36%

?

1

35%

?

1

34%

?

1

34%

?

1

34%

?

3

34%

?

1

33%

?

1

32%

?

2

32%

?

0

31%

?

0

31%

?

1

31%

?

1

31%

?

2

31%

?

0

30%

?

0

30%

?

0

30%

?

0

30%

?

0

30%

?

0

30%

?

1

30%

?

1

30%

?

1

30%

?

1

30%

?

1

30%

?

0

29%

?

0

29%

?

1

29%

?

1

29%

?

1

29%

?

2

29%

?

3

29%

?

0

28%

?

0

28%

?

0

28%

?

1

28%

?

1

28%

?

1

28%

?

1

28%

?

0

27%

?

2

27%

?

2

27%

?

2

27%

?

3

27%

?

1

26%

?

1

25%

?

1

22%

?

2

22%

?

1

21%

?

1

20%

?

2

20%

?

2

20%

?

2

18%
Aucun quiz correspondant
Distribution des résultats
% des personnes avec chaque résultat
Percentile par nombre de réponses
Votre historique - résultats
Vous n’avez pas pris ce quiz